01827agaaa2200277 45000010005000000030009000050050017000140070009000310080040000400400023000800410013001031000049001161300012001652450169001772500022003462600097003683000034004655080147004995110091006465200610007375380016013475460013013636500054013767000058014307000061014884102IT-RoPAU20220918181223.0d cvaizq50131s9999||||xx ||| | || ||und|| aIT-RoPAUcIT-RoPAU aITALIANO aMikhalkov NikitagCodice regista SPICS: 3763 aOBLOMOV aOBLOMOVcProdotto da: Mosfilm -- Sceneggiatura: Adabasjan Aleksandr Mikhalkov Nikita -- Diretto da: Mikhalkov NikitapOBLOMOV (Rif. Codice opera principale : 74102) aEdizione Standard a(URSS)bMOSFILM / Distribuzione: DELTAVIDEOg"1979 (1° ed.: 1988 ; Ed. Lingua Orig.: 1979)" aVHSbsonoro, col.c150 minuti a"Fotografia: Lebesov Pavel; Musica: Artemjev Eduard; Sceneggiatura: Adabasjan Aleksandr Mikhalkov Nikita; Scenografia: Adabasjan A. Samulek; " a"Tabakov Oleg; Solovei Elena; Popov Andrej; Leontjev Avangard; Kozlov Olog; Sostko G." aSOGGETTO-DAL-ROMANZO-OMONIMO-DI-U.A.-GONCAROV ALTRI-INTERPRETI: GLEB-STRIZENOV EVGENIJ-STEBLOV ANDREJ-RAZUMOVSKIJ OLEG-KOZDOV ELENA-KLESEVSKAJA GALINA-SOSTKO EVGENIJA-GLUSENKO NIKOLAJ-PASTUKHOV ANATOLIJ-ROMASINOBLOMOV UN PROPRIETARIO TERRIERO CHE VIVE A PIETROBURGO PASSA LE GIORNATE NEL PIU' ASSOLUTO OZIO NON TANTO PER PIGRIZIA QUANTO PER RIFIUTO DELLA SOCIETA' L'INCONTRO CON UNA DONNA OLGA SEMBRA TRARLO FUORI DALLA SUA ABULIA MA E' PER POCO OBLOMOV TEME I CAMBIAMENTI ED OLGA RINUNCIANDO A FARNE UN UOMO DIVERSO LO ABBANDONA OBLOMOV TROVERA' LA SERENITA' NEL MATRIMONIO CON UNA DONNA QUIETA E MODESTA aPAL, STEREO aITALIANO aCOMMEDIAeFILMS [VHS]xCodice MATERIA SPICS: 9960 aArtemjev Eduarde(musica)gCodice Musica SPICS: 22987 aMikhalkov Nikita e(regista)gCodice regista SPICS: 3763